000 01483cam a22003255a 4500
001 14467329
005 20201128013538.0
008 060725t2007 enkadk frb 001 0 eng d
020 _a9781848441804
020 _a9781845426484 (hbk.)
040 _aDLC
_cDLC
_dBAKER
_dBTCTA
_dBWKUK
_dYDXCP
_dDLC
_dEG-ScBUE
_beng
043 _ae------
082 0 4 _a338.473784
_bACA
_222
245 0 0 _aAcademic entrepreneurship in Europe /
_cMike Wright ... [et. al]
260 _aCheltenham ;
_aNorthamoton :
_bEdward Elgar Publishing,
_cc.2007.
300 _aix, 228 p. :
_bcharts, forms, tables ;
_c24 cm.
500 _aIndex : p. 215-228.
504 _aBibliography : p. 200-213.
505 0 _aIntroduction -- Public policies to foster academic spin-offs -- Types of spin-offs -- Processes at the institutional level : incubation models -- Processes at the firm level : phases and models of development -- Entrepreneurial teams in spin-offs -- Financial constraints and access to finance -- Conclusions and policy implications.
650 0 _aEducation, Higher
_xEconomic aspects
_zEurope.
_2BUEsh
650 0 _aUniversities and colleges
_xResearch
_zEurope.
_2BUEsh
650 0 _aUniversities and colleges
_zEurope
_xFinance.
_2BUEsh
650 0 _aAcademic-industrial collaboration
_zEurope.
_2BUEsh
650 0 _aBusiness and education
_zEurope.
_2BUEsh
651 _2BUEsh
653 _bBUSADM
_cJune2015
655 _vreading book
_934232
700 1 _tWright, Mike.
_92236
942 _2ddc
_cBB
999 _c11045
_d11045